00496nam a2200205Ia 4500003000900000005001700009008004100026040001300067040001300080041000800093100002500101245007200126250001000198260001100208260002300219300001100242300001000253490002100263490000600284IT-RoPAU20220918175719.0120407s9999 xx 000 0 und d aIT-RoPAU cIT-RoPAU aita aMaria Serena Piretti aLa repubblica limitata. L’informazione cattolica e la Costituente aRoma  aCoines c1976aRomabCoines a158 p. c21 cm aNuova biblioteca v7